Catálogo
 En Linea

Blueprint for victory / (Registro nro. 17704)

Detalles MARC
000 -CABECERA
campo de control de longitud fija 00648cam a2200205 a 4500
001 - NÚMERO DE CONTROL
campo de control 000018183
005 - FECHA Y HORA DE LA ÚLTIMA TRANSACCIÓN
campo de control 20200929165405.0
008 - DATOS DE LONGITUD FIJA--INFORMACIÓN GENERAL
campo de control de longitud fija 810623s1942 nyua 001 0 eng d
040 ## - FUENTE DE LA CATALOGACIÓN
Centro catalogador/agencia de origen DO-SdBNP
Lengua de catalogación eng
Centro/agencia transcriptor LC
Centro/agencia modificador BNPHU
050 00 - SIGNATURA TOPOGRÁFICA DE LA BIBLIOTECA DEL CONGRESO
Número de clasificación D767.2
Número de documento/Ítem .B7
082 ## - NÚMERO DE LA CLASIFICACIÓN DECIMAL DEWEY
Número de clasificación nn*
Número de documento/Ítem B845b
049 ## - FONDOS LOCALES (OCLC)
Fondos de biblioteca BNGR
100 1# - ENTRADA PRINCIPAL--NOMBRE DE PERSONA
Nombre de persona Brett, Homer,
Fechas asociadas al nombre 1877-
9 (RLIN) 39391
245 10 - MENCIÓN DE TÍTULO
Título Blueprint for victory /
Mención de responsabilidad, etc. Homer Brett.
260 ## - PUBLICACIÓN, DISTRIBUCIÓN, ETC.
Lugar de publicación, distribución, etc. New York :
-- London :
Nombre del editor, distribuidor, etc. D. Appleton-Century Company,
Fecha de publicación, distribución, etc. 1942.
300 ## - DESCRIPCIÓN FÍSICA
Extensión v, 215 p. :
Otras características físicas il. ;
Dimensiones 20 cm.
650 #0 - PUNTO DE ACCESO ADICIONAL DE MATERIA--TÉRMINO DE MATERIA
Término de materia o nombre geográfico como elemento de entrada World war, 1939-1945
Subdivisión geográfica United States.
9 (RLIN) 39392
650 #0 - PUNTO DE ACCESO ADICIONAL DE MATERIA--TÉRMINO DE MATERIA
Término de materia o nombre geográfico como elemento de entrada World war, 1939-1945
Subdivisión geográfica Japan.
9 (RLIN) 39088
910 ## - DATOS DE OPCIÓN DEL USUARIO (OCLC)
Datos de opción del usuario Catalogación por copia / LC
Existencias
Estado de retiro Estado de pérdida Restricciones de uso No para préstamo Código de colección Localización permanente Ubicación/localización actual Ubicación en estantería Fecha de adquisición Número de inventario Total de préstamos Signatura topográfica completa Código de barras Fecha visto por última vez Precio válido a partir de Tipo de ítem Koha
        Monografías: Libros y Folletos General General En catalogación 20.04.2010 LF1   nn* B845b 18183-10 25.06.2020 25.06.2020 Préstamo en sala

Con tecnología Koha